00539nam a2200145Ia 4500003000900000008004100009040001600050080001500066100001800081245018600099260003700285300001000322650004100332650002000373IN-BaIIA211028s9999 xx 000 0 eng d cIIA Library a083:52bLU aLu, Phillip K 0aPreliminary Catalogue of the Positions and Proper Motions of Stars Between Declination-70 degrees and -90 degrees ReducecPhillip K Lu  aNew HavenbThe Observatoryc1971 a274p. aAstronomy and Astrophysics Thesaurus aCatalogue-Stars